000 00532nam a2200169Ia 4500
003 IN-BaIIA
008 211028s9999 xx 000 0 eng d
040 _cIIA Library
080 _a517.3
_bEDW-2
100 _aEdwards, Joseph
_95275
245 2 _aA treatise on the integral calculus
_bvol. 2, with applications
_cJoseph Edwards
260 _aNew York
_bChelsea
_c1922
300 _axv, 980p.
650 _aAstronomy and Astrophysics thesaurus
650 _aCalculus
_91611
942 _cBK
999 _c2955
_d2955